[Event "BCF-chT2 9798 (4NCL)"]
[Site "England"]
[Date "1997.11.22"]
[Round "3.5"]
[White "Dilleigh, Stephen P"]
[Black "Gurr, Lyndon"]
[Result "1-0"]
[WhiteElo "2000"]
[BlackElo "2208"]
[PlyCount "167"]
[EventDate "1997.11.??"]
[EventType "team"]
[EventRounds "11"]
[EventCountry "ENG"]
[SourceTitle "EXT 1999"]
[Source "ChessBase"]
[SourceDate "1998.11.16"]
[SourceVersion "1"]
[SourceVersionDate "1998.11.16"]
[SourceQuality "1"]
[WhiteTeam "Bristol II"]
[BlackTeam "Invicta Knights Maidstone II"]
[WhiteTeamCountry "ENG"]
[BlackTeamCountry "ENG"]

1. d4 Nf6 2. c4 e6 3. Nc3 b6 4. a3 Bb7 5. d5 Be7 6. e4 exd5 7. cxd5 d6 8. Bd3 0-0 9. Nge2 Nbd7 10. 0-0 Re8 11. Nd4 Bf8 12. Re1 g6 13. Bg5 h6 14. Be3 a6 15. b4 Ne5 16. Be2 Qd7 17. h3 b5 18. Rc1 c6 19. dxc6 Nxc6 20. Nxc6 Bxc6 21. Nd5 Bxd5 22. exd5 Re5 23. Bd4 Rae8 24. Bxe5 dxe5 25. Qc2 a5 26. Qc6 Qxc6 27. dxc6 axb4 28. Bxb5 Rc8 29. axb4 Bxb4 30. Rxe5 Bd6 31. Re2 Kf8 32. Rd1 Bc7 33. Ba6 Ra8 34. Bb7 Ra5 35. g3 Rc5 36. Ra1 Nd5 37. Ra8+ Kg7 38. Rc8 Bb6 39. Rb2 Bc7 40. Rd2 Bb6 41. Re8 Kf6 42. Kg2 Nc7 43. Ree2 Ne6 44. Rc2 Ra5 45. Rxe6+ fxe6 46. c7 Bxc7 47. Rxc7 Ra7 48. Rd7 h5 49. Bc6 Ra5 50. Rd4 Rc5 51. Bf3 Ra5 52. h4 Rc5 53. Be2 Rc6 54. Rf4+ Kg7 55. Ra4 Kf6 56. Ra5 Rc3 57. Bxh5 gxh5 58. Rxh5 e5 59. Rh8 Rb3 60. Rf8+ Kg6 61. g4 Rb4 62. Kg3 Rb3+ 63. Rf3 Rb1 64. h5+ Kh6 65. Rf6+ Kg7 66. Re6 Re1 67. Kh4 Kf7 68. Ra6 Rf1 69. Kg5 Rxf2 70. Ra7+ Kg8 71. Kg6 Rf8 72. Re7 Rb8 73. Rxe5 Rb6+ 74. Kf5 Kg7 75. Re7+ Kf8 76. Re6 Rb4 77. g5 Kf7 78. g6+ Kg7 79. Re7+ Kg8 80. h6 Rb8 81. h7+ Kh8 82. Re5 Kg7 83. Kg5 Re8 84. Rf5 1-0

[Event "BCF-chT 9697 (4NCL)"]
[Site "England"]
[Date "1996.11.24"]
[Round "4.8"]
[White "Dyce, Abigail"]
[Black "Gurr, Lyndon"]
[Result "0-1"]
[WhiteElo "1800"]
[BlackElo "2048"]
[PlyCount "90"]
[EventDate "1996.10.??"]
[EventType "team"]
[EventRounds "12"]
[EventCountry "ENG"]
[SourceTitle "EXT 1999"]
[Source "ChessBase"]
[SourceDate "1998.11.16"]
[SourceVersion "1"]
[SourceVersionDate "1998.11.16"]
[SourceQuality "1"]
[WhiteTeam "SW Dragons"]
[BlackTeam "Invicta Knights Maidstone"]
[WhiteTeamCountry "ENG"]
[BlackTeamCountry "ENG"]

1. d4 Nf6 2. Nf3 c5 3. c3 d5 4. Bg5 Nc6 5. e3 Bg4 6. Be2 e6 7. Nbd2 cxd4 8. exd4 Bd6 9. 0-0 0-0 10. Re1 Qc7 11. h3 Bh5 12. Ne5 Bxe2 13. Qxe2 Nd7 14. Nxc6 bxc6 15. Qg4 Kh8 16. c4 f6 17. Bh4 e5 18. cxd5 cxd5 19. Rac1 Qb7 20. Nb3 f5 21. Qe2 e4 22. f3 Rac8 23. fxe4 fxe4 24. Rf1 Rxf1+ 25. Rxf1 Nb6 26. Qh5 Kg8 27. Qf5 Qd7 28. Qf2 Nc4 29. Qf5 Qxf5 30. Rxf5 Ne3 31. Rf2 Rc4 32. Bg5 Nc2 33. Rf5 e3 34. Kf1 Bg3 35. Ke2 Bf2 36. Rxd5 h6 37. Bf4 Kh7 38. Rc5 Nxd4+ 39. Nxd4 Rxc5 40. Bxe3 Bxe3 41. Kxe3 Kg6 42. a4 Kf6 43. b3 Rc3+ 44. Kf4 g5+ 45. Kg4 Kg6 0-1